Khảo sát một số đặc tính sinh học và hiệu quả của một số loại thuốc bảo vệ thực vật đối với hai loài rầy Amrasca biguttula và Empoasca flavescen (Cicadellidae, Homoptera) trên rau tại Cần Thơ và Vĩnh Long : Luận văn Thạc sĩ Khoa học Nông nghiệp. Chuyên ngành Bảo vệ thực vật
Điều tra khả năng gây hại của hai loài rầy xanh trên rau tại một số vùng thâm canh rau ở Vĩnh Long và Cần Thơ. Nghiên cứu các đặc điểm hình thái, sinh học, chu kỳ sinh trưởng và khả năng gây hại của rầy xanh trên một số cây ký chủ. Thử nghiẹ...
Sparad:
| Huvudupphovsman: | |
|---|---|
| Materialtyp: | Bok |
| Språk: | Undetermined |
| Publicerad: |
Cần Thơ
Trường Đại học Cần Thơ
2011
|
| Ämnen: | |
| Taggar: |
Lägg till en tagg
Inga taggar, Lägg till första taggen!
|
| Thư viện lưu trữ: | Trung tâm Học liệu Trường Đại học Cần Thơ |
|---|
| LEADER | 01730nam a2200229Ia 4500 | ||
|---|---|---|---|
| 001 | CTU_171049 | ||
| 008 | 210402s9999 xx 000 0 und d | ||
| 082 | |a 595.752 | ||
| 082 | |b Tr106 | ||
| 088 | |a 60620112 | ||
| 100 | |a Phạm, Thị Thu Trang | ||
| 245 | 0 | |a Khảo sát một số đặc tính sinh học và hiệu quả của một số loại thuốc bảo vệ thực vật đối với hai loài rầy Amrasca biguttula và Empoasca flavescen (Cicadellidae, Homoptera) trên rau tại Cần Thơ và Vĩnh Long : | |
| 245 | 0 | |b Luận văn Thạc sĩ Khoa học Nông nghiệp. Chuyên ngành Bảo vệ thực vật | |
| 245 | 0 | |c Phạm Thị Thu Trang ; Nguyễn Văn Huỳnh (Người hướng dẫn khoa học) | |
| 260 | |a Cần Thơ | ||
| 260 | |b Trường Đại học Cần Thơ | ||
| 260 | |c 2011 | ||
| 520 | |a Điều tra khả năng gây hại của hai loài rầy xanh trên rau tại một số vùng thâm canh rau ở Vĩnh Long và Cần Thơ. Nghiên cứu các đặc điểm hình thái, sinh học, chu kỳ sinh trưởng và khả năng gây hại của rầy xanh trên một số cây ký chủ. Thử nghiệm sơ khởi biện pháp phòng trị bằng một số loại thuốc sinh học và thảo mộc. | ||
| 650 | |a Biotechnology,Pests,Côn trùng,Plants, Protection of,Công nghệ sinh học,Agriculture,Nông nghiệp | ||
| 650 | |x Research,Control,Kiểm soát,Bảo vệ thực vật,Nghiên cứu | ||
| 904 | |i Nguyễn Thị Hằng Ni, Phỉ, Năm | ||
| 980 | |a Trung tâm Học liệu Trường Đại học Cần Thơ | ||